000
00274nam a2200109Ia 4500
008
220204s9999 xx 000 0 und d
082
_a
954.04
_b
SUK
100
_a
Sukharanjan Dasgupta
245
0
_a
Midnight massacre in Dacca
260
_a
New Delhi
_b
Vikas
_c
1978
942
_c
BK
999
_c
28897
_d
28897